000 00868nam a2200265Ia 4500
003 OSt
005 20220918170242.0
006 a|||||r|||| 00| 0
007 ta
008 220917b |||||||| |||| 00| 0 eng d
020 _a978 93 87146 55 6 (pbk)
_cINR 299.00
024 _a348,835
037 _b57596, 18/03/2019, Segment Book Distributors
_cTextual
040 _aARTS
_cARTS
_beng
041 _2eng
_aeng
082 _aV2:2, Q8
100 _aThiruvengadam Arun K Au.
_927901
245 0 _aConstitution of India
_b contextual analysis
260 _aDelhi
_bBllomsbury India
_c2018
300 _axxiii,265p.
_ccm.
490 _aConstitutional systems of the world
650 _aCONSTITUTIONS - INDIA
_927902
942 _hV2:2, Q8
_cTEXL
_2CC
999 _c133258
_d133258